000 00449nam a2200157Ia 4500
005 20250423101041.0
008 250422s9999 xx 000 0 und d
020 _a9789785587470
050 _aHD 62.5 .M66/
100 _aMomoh, John
245 0 _aSuccessful Nigerian entrepreneurs: how they started
260 _c2018
300 _a187 p
650 _aNew business enterprises. Creative ability in business. Success in business.
942 _cBK
999 _c35130
_d35130